000 00667nam a2200181 i 4500
001 71268
003 ES-MaACL
005 20240221063029.0
007 t|
008 040806s1909 sp ||||1| spa d
100 1 _aGay, Vicente,
_d1876-1949
_956113
245 1 3 _aEl renacimiento cultural
_b: discurso pronunciado /
_cpor Vicente Gay, presidente del Ateneo de Valladolid en la sesión inaugural del 27 de febrero de 1909.
260 _aValladolid :
_b[s.n.],
_c1909 (
_fImp. Castellana)
300 _a30 p. ;
_c23 cm.
710 2 _aAteneo de Valladolid.
_92031
852 _aES-MaACL
_jT-1140-F-11
_z.- Firma manuscrita del autor
999 _c71268
_d71268